000 01202njm a2200277 i 4500
001 5008
003 ES-MaACL
005 20251217063014.0
007 s|r|||||||||||
008 070907s1983 sp ||| g ||||||||1|nspa d
100 1 _aCalderón, Fina de,
_d1927-2010
_933598
245 1 0 _aPrimer tríptico-homenaje
_h[Grabación sonora]
_b: Gerardo Diego /
_cintervienen Fina de Calderón, Antonio Mingote y Manuel Viola.
260 _aMadrid :
_bAteneo de Madrid,
_c1983.
300 _a2 discos (CD-DA) (1 h. 5 min. 46 seg.) ;
_c12 cm.
500 _aDatos basados en la invitación.
518 _aActo organizado por la Sección de Literatura del Ateneo de Madrid, grabado en el salón de actos el miércoles, 22 de junio de 1983, a las 20:00 h.
600 1 4 _aDiego, Gerardo,
_d1896-1987-
_vHomenajes
_944548
610 2 4 _aAteneo de Madrid-
_xActos culturales-
_y1983-
_vGrabaciones sonoras.
_91897
700 1 _aMingote, Antonio,
_d1919-2012
_9240761
700 1 _aViola, Manuel.
_9115409
710 2 _aAteneo de Madrid.
_bSección de Literatura.
_91997
852 _aES-MaACL
_jROT 5/6/38
_95125
_cROT
852 _aES-MaACL
_jROT 5/6/39
_9203629
_cROT
942 _2udc
999 _c5008
_d5008